[Event "Madrid ch Veteranos  2019-2020"]
[Site "Maddrid ESP"]
[Date "2020.01.17"]
[Round "5.21"]
[White "Nevado Muñoz, Rafael"]
[Black "Osorio Ramos, Francisco"]
[Result "1/2-1/2"]
[WhiteElo "1467"]
[BlackElo "1794"]
[PlyCount "135"]
[EventDate "2020.01.13"]
[EventType "swiss"]
[EventRounds "9"]
[EventCountry "ESP"]
[SourceTitle "Ajedrez en Madrid"]
[Source "lmi"]
[SourceDate "2020.01.13"]
[SourceVersion "1"]
[SourceVersionDate "2020.01.27"]
[SourceQuality "1"]

1. c4 Nf6 2. Nc3 e6 3. d4 Bb4 4. Nf3 b6 5. Bg5 h6 6. Bf4 Bb7 7. Ne5 d6 8. Nd3
Bxc3+ 9. bxc3 Nh5 10. Qd2 Nd7 11. f3 g5 12. Be3 f5 13. Bf2 Qe7 14. e3 O-O-O 15.
Be2 e5 16. O-O-O Nhf6 17. dxe5 dxe5 18. Qc2 e4 19. Nb2 Ne5 20. Bg3 Qc5 21. Rd4
Nc6 22. Rxd8+ Rxd8 23. Bf2 Ne5 24. Rd1 Rxd1+ 25. Qxd1 Qd6 26. Qc2 Qe6 27. f4
Neg4 28. Bg1 gxf4 29. exf4 e3 30. h3 Be4 31. Bd3 e2 32. Qxe2 Qd6 33. hxg4 Qxf4+
34. Be3 Bxd3 35. Qf3 Qxf3 36. gxf3 Be2 37. gxf5 Bxf3 38. Bxh6 Be4 39. Nd1 Bxf5
40. Ne3 Be6 41. Kb2 Ne4 42. a4 Nd2 43. Bg7 Nxc4+ 44. Nxc4 Bxc4 45. Ka3 a5 46.
Bd4 Kb7 47. Bh8 Ka6 48. Bf6 c6 49. Be5 b5 50. axb5+ cxb5 51. Bd6 Kb6 52. Bf8
Kc6 53. Be7 Kd7 54. Bf8 Be6 55. Bc5 Bg8 56. Bb6 a4 57. Bc5 Ke6 58. Bb4 Kd5 59.
Ba5 Kc4 60. Bb4 Bh7 61. Ba5 Bc2 62. Bb4 Bd1 63. Ba5 Bc2 64. Bb4 Bd1 65. Ba5 Bc2
66. Bb4 Bd1 67. Ba5 Bc2 68. Bb4 1/2-1/2

[Event "Madrid ch Veteranos  2019-2020"]
[Site "Maddrid ESP"]
[Date "2020.01.17"]
[Round "5.22"]
[White "Fernandez Garcia, Ignacio"]
[Black "Mendez Rodriguez, Carlos"]
[Result "1/2-1/2"]
[WhiteElo "1770"]
[BlackElo "1581"]
[PlyCount "50"]
[EventDate "2020.01.13"]
[EventType "swiss"]
[EventRounds "9"]
[EventCountry "ESP"]
[SourceTitle "Ajedrez en Madrid"]
[Source "lmi"]
[SourceDate "2020.01.13"]
[SourceVersion "1"]
[SourceVersionDate "2020.01.27"]
[SourceQuality "1"]

1. e4 c5 2. c3 g6 3. Bc4 Bg7 4. f4 e6 5. Nf3 Ne7 6. d4 cxd4 7. cxd4 d5 8. Bb5+
Bd7 9. Bxd7+ Qxd7 10. Nc3 dxe4 11. Nxe4 Nbc6 12. Nc5 Qd5 13. Nb3 Nf5 14. O-O
O-O 15. Kh1 Rfd8 16. Qe2 Nfxd4 17. Nbxd4 Nxd4 18. Nxd4 Qxd4 19. Be3 Qd3 20. Qf2
b6 21. Qf3 Qd5 22. Qe2 Qd3 23. Qf3 Qd5 24. Qe2 Qd3 25. Qf3 Qd5 1/2-1/2

[Event "Madrid ch Veteranos  2019-2020"]
[Site "Maddrid ESP"]
[Date "2020.01.17"]
[Round "5.23"]
[White "Lopez Heras, Arturo"]
[Black "Villodre Miranda, Juan Alonso"]
[Result "0-1"]
[WhiteElo "1742"]
[BlackElo "1567"]
[PlyCount "37"]
[EventDate "2020.01.13"]
[EventType "swiss"]
[EventRounds "9"]
[EventCountry "ESP"]
[SourceTitle "Ajedrez en Madrid"]
[Source "lmi"]
[SourceDate "2020.01.13"]
[SourceVersion "1"]
[SourceVersionDate "2020.01.27"]
[SourceQuality "1"]

1. e4 e5 2. Nf3 d6 3. d4 exd4 4. Nxd4 Nc6 5. Nxc6 bxc6 6. Bd3 Nf6 7. O-O Be7 8.
Nc3 O-O 9. h3 a5 10. a4 Nd7 11. f4 Ba6 12. Bxa6 Rxa6 13. Be3 Bf6 14. Bd4 Bxd4+
15. Qxd4 Qb8 16. b3 Qb6 17. Rad1 Qxd4+ 18. Rxd4 Nc5 19. Re1 0-1

[Event "Madrid ch Veteranos  2019-2020"]
[Site "Maddrid ESP"]
[Date "2020.01.17"]
[Round "5.24"]
[White "Martinez Miura, Enrique"]
[Black "Vukotic Jovsic, Dragan"]
[Result "1/2-1/2"]
[WhiteElo "1561"]
[BlackElo "1918"]
[PlyCount "93"]
[EventDate "2020.01.13"]
[EventType "swiss"]
[EventRounds "9"]
[EventCountry "ESP"]
[SourceTitle "Ajedrez en Madrid"]
[Source "lmi"]
[SourceDate "2020.01.13"]
[SourceVersion "1"]
[SourceVersionDate "2020.01.27"]
[SourceQuality "1"]

1. e4 e5 2. Nf3 d6 3. d4 Qe7 4. dxe5 dxe5 5. h3 Nf6 6. Nc3 c6 7. Bd3 g6 8. O-O
Bg7 9. Be3 O-O 10. Qd2 Rd8 11. Rad1 Nbd7 12. Qc1 Nc5 13. Bh6 Nxd3 14. cxd3 Ne8
15. Bxg7 Nxg7 16. d4 exd4 17. Rxd4 Rxd4 18. Nxd4 Be6 19. Nxe6 Nxe6 20. Rd1 Nc5
21. Qe3 Re8 22. b4 Ne6 23. a3 a5 24. Qb6 axb4 25. axb4 Ra8 26. b5 Rc8 27. bxc6
bxc6 28. Ra1 Qf6 29. Qb7 Rd8 30. Qxc6 Rd2 31. Rf1 Qd4 32. Nb5 Qe5 33. Qc3 Qg5
34. h4 Qd8 35. g3 Rd3 36. Qe5 Qb6 37. Kg2 Qa5 38. Ra1 Qd8 39. Rb1 Qf8 40. Na7
Rd8 41. Nc6 Qd6 42. Qxd6 Rxd6 43. Rb8+ Kg7 44. Ne5 Nc5 45. f3 Rd2+ 46. Kf1 Nd3
47. Nxd3 1/2-1/2

[Event "Madrid ch Veteranos  2019-2020"]
[Site "Maddrid ESP"]
[Date "2020.01.17"]
[Round "5.25"]
[White "Martinez Martinez, Javier II"]
[Black "Chidichimo, Pedro Jose Maria"]
[Result "1/2-1/2"]
[WhiteElo "1572"]
[BlackElo "1802"]
[PlyCount "73"]
[EventDate "2020.01.13"]
[EventType "swiss"]
[EventRounds "9"]
[EventCountry "ESP"]
[SourceTitle "Ajedrez en Madrid"]
[Source "lmi"]
[SourceDate "2020.01.13"]
[SourceVersion "1"]
[SourceVersionDate "2020.01.27"]
[SourceQuality "1"]

1. d4 d6 2. g3 Nf6 3. Bg2 Nbd7 4. e3 e5 5. Ne2 Be7 6. b3 O-O 7. O-O c6 8. c4 e4
9. Bb2 d5 10. Nbc3 Re8 11. cxd5 cxd5 12. Nf4 Nf8 13. Rc1 a6 14. Rc2 b5 15. Qd2
g5 16. Nfe2 Bf5 17. Rfc1 Qd7 18. Nb1 Bg4 19. Rc7 Qf5 20. Qe1 Ng6 21. Nd2 h5 22.
h3 Bxh3 23. Bxh3 Qxh3 24. Qf1 Qg4 25. f3 exf3 26. Qxf3 Qxf3 27. Nxf3 Ne4 28.
Ne5 Bd6 29. Rd7 Nxe5 30. dxe5 Bxe5 31. Bxe5 Rxe5 32. Rcc7 Rf5 33. Nd4 Rf6 34.
Rxd5 Nxg3 35. Rxg5+ Rg6 36. Rxg6+ fxg6 37. Ne6 1/2-1/2

[Event "Madrid ch Veteranos  2019-2020"]
[Site "Maddrid ESP"]
[Date "2020.01.17"]
[Round "5.26"]
[White "Maseda Iglesias, Luis"]
[Black "Perez Ramos, Miguel Angel"]
[Result "1-0"]
[WhiteElo "1722"]
[BlackElo "1122"]
[PlyCount "47"]
[EventDate "2020.01.13"]
[EventType "swiss"]
[EventRounds "9"]
[EventCountry "ESP"]
[SourceTitle "Ajedrez en Madrid"]
[Source "lmi"]
[SourceDate "2020.01.13"]
[SourceVersion "1"]
[SourceVersionDate "2020.01.27"]
[SourceQuality "1"]

1. e4 e6 2. d4 d5 3. e5 g6 4. Nf3 h6 5. Be3 Be7 6. Bd3 Nc6 7. c3 Bg5 8. Nxg5
hxg5 9. Qd2 Nge7 10. Bxg5 a6 11. Na3 b5 12. Nc2 Bb7 13. Ne3 Qd7 14. Ng4 O-O-O
15. Nf6 Na5 16. Nxd7 Rxd7 17. Bf6 Rg8 18. a4 Nb3 19. Qd1 Nxa1 20. Qxa1 c6 21.
Qa3 Nf5 22. g4 Nh4 23. Bxh4 Rh8 24. Bf6 1-0

[Event "Madrid ch Veteranos  2019-2020"]
[Site "Maddrid ESP"]
[Date "2020.01.17"]
[Round "5.27"]
[White "Martinez Pintor, Juan"]
[Black "Jimenez Ascarza, Jose Ignacio"]
[Result "1-0"]
[WhiteElo "1577"]
[BlackElo "1436"]
[PlyCount "57"]
[EventDate "2020.01.13"]
[EventType "swiss"]
[EventRounds "9"]
[EventCountry "ESP"]
[SourceTitle "Ajedrez en Madrid"]
[Source "lmi"]
[SourceDate "2020.01.13"]
[SourceVersion "1"]
[SourceVersionDate "2020.01.27"]
[SourceQuality "1"]

1. d4 Nf6 2. Nf3 g6 3. c4 Bg7 4. Nc3 d5 5. cxd5 Nxd5 6. e4 Nxc3 7. bxc3 O-O 8.
Be3 c5 9. Rc1 Nc6 10. d5 Ne5 11. Nxe5 Bxe5 12. Bxc5 Qc7 13. Bd4 Bxh2 14. g3
Bxg3 15. fxg3 Qxg3+ 16. Bf2 Qf4 17. Rh4 Qe5 18. Qd4 Qg5 19. Qe3 Qxe3+ 20. Bxe3
f5 21. e5 b6 22. Bg5 e6 23. d6 Bd7 24. c4 Rac8 25. Rc3 Rc5 26. Bf6 Rfc8 27. Rh6
Rf8 28. Rch3 Rf7 29. Rxg6+ 1-0

[Event "Madrid ch Veteranos  2019-2020"]
[Site "Maddrid ESP"]
[Date "2020.01.17"]
[Round "5.28"]
[White "Beekhof Harmsen, Willen"]
[Black "Hernandez Gutierrez, Jose"]
[Result "0-1"]
[WhiteElo "1470"]
[BlackElo "1785"]
[PlyCount "53"]
[EventDate "2020.01.13"]
[EventType "swiss"]
[EventRounds "9"]
[EventCountry "ESP"]
[SourceTitle "Ajedrez en Madrid"]
[Source "lmi"]
[SourceDate "2020.01.13"]
[SourceVersion "1"]
[SourceVersionDate "2020.01.27"]
[SourceQuality "1"]

1. e4 c6 2. Nf3 d5 3. exd5 cxd5 4. d4 Nc6 5. Bb5 Bg4 6. O-O e6 7. h3 Bxf3 8.
Qxf3 Nf6 9. Re1 Be7 10. Nc3 O-O 11. Ne2 Qa5 12. Nc3 Nxd4 13. Qd3 Nxb5 14. Bd2
Nxc3 15. Bxc3 Qc7 16. Be5 Qc6 17. c3 Rac8 18. Re3 Qc4 19. Qxc4 Rxc4 20. Bd4 Bc5
21. Bxc5 Rxc5 22. Rae1 b5 23. g4 h6 24. f3 Rd8 25. f4 Rc4 26. f5 Ne4 27. fxe6
0-1

[Event "Madrid ch Veteranos  2019-2020"]
[Site "Maddrid ESP"]
[Date "2020.01.17"]
[Round "5.29"]
[White "Minguela Muñoz, Bienvenido"]
[Black "Menendez Domens, Juan Manuel"]
[Result "1-0"]
[WhiteElo "1808"]
[BlackElo "1439"]
[PlyCount "113"]
[EventDate "2020.01.13"]
[EventType "swiss"]
[EventRounds "9"]
[EventCountry "ESP"]
[SourceTitle "Ajedrez en Madrid"]
[Source "lmi"]
[SourceDate "2020.01.13"]
[SourceVersion "1"]
[SourceVersionDate "2020.01.27"]
[SourceQuality "1"]

1. d4 Nf6 2. c4 e5 3. dxe5 Ng4 4. Nf3 Nc6 5. e3 Ngxe5 6. Be2 Bb4+ 7. Bd2 Bxd2+
8. Qxd2 Nxf3+ 9. Bxf3 Ne5 10. Be2 d6 11. c5 dxc5 12. Qxd8+ Kxd8 13. Nc3 c6 14.
O-O-O+ Ke7 15. f4 Ng4 16. Bxg4 Bxg4 17. Rde1 Rhd8 18. h3 Be6 19. g4 b5 20. f5
Bd5 21. e4 Bc4 22. Rh2 b4 23. Na4 Bxa2 24. Nxc5 Bc4 25. e5 Rd5 26. Nb7 Bb3 27.
Rd2 Rb8 28. Nd6 Rd8 29. Rxd5 Bxd5 30. g5 f6 31. Nb7 Rd7 32. exf6+ Kf7 33. Nc5
Rc7 34. Ne6 Rd7 35. Nxg7 b3 36. Ne6 Bf3 37. Nc5 Rd5 38. Re7+ Kg8 39. Nxb3 Rxf5
40. Rg7+ Kf8 41. h4 Rf4 42. Rxh7 Rc4+ 43. Kd2 Be4 44. Rxa7 Bd5 45. Rh7 Rb4 46.
g6 Rxb3 47. Rh8+ Bg8 48. f7 Rxb2+ 49. Ke3 Rg2 50. Rxg8+ Ke7 51. f8=Q+ Kd7 52.
Rg7+ Ke6 53. Qe7+ Kd5 54. Qd7+ Kc5 55. Qd4+ Kb5 56. Rb7+ Ka5 57. Qa7# 1-0

[Event "Madrid ch Veteranos  2019-2020"]
[Site "Maddrid ESP"]
[Date "2020.01.17"]
[Round "5.31"]
[White "Barragan Panal, Juan Jose"]
[Black "Suarez Mencia, Roberto"]
[Result "1-0"]
[WhiteElo "1679"]
[BlackElo "1387"]
[PlyCount "103"]
[EventDate "2020.01.13"]
[EventType "swiss"]
[EventRounds "9"]
[EventCountry "ESP"]
[SourceTitle "Ajedrez en Madrid"]
[Source "lmi"]
[SourceDate "2020.01.13"]
[SourceVersion "1"]
[SourceVersionDate "2020.01.27"]
[SourceQuality "1"]

1. d4 Nf6 2. Nf3 d6 3. c4 g6 4. Nc3 Nbd7 5. e4 Bg7 6. Be2 b6 7. Qc2 Bb7 8. O-O
e5 9. Rd1 O-O 10. dxe5 Ne8 11. Bg5 Qc8 12. Be7 dxe5 13. Bxf8 Kxf8 14. b4 a6 15.
a4 a5 16. Qb3 axb4 17. Qxb4+ c5 18. Qb1 Bc6 19. Nb5 Qb7 20. Qd3 Kg8 21. Nd6
Nxd6 22. Qxd6 Rd8 23. a5 bxa5 24. Rxa5 Bxe4 25. Rb5 Qa8 26. Qc7 Bf6 27. Ra5 Qc6
28. Qxc6 Bxc6 29. Ra6 Nb8 30. Rb6 Rc8 31. Ne1 Kg7 32. Bg4 Re8 33. Rd6 h5 34.
Bh3 e4 35. Kf1 e3 36. fxe3 Rxe3 37. Rdxc6 Nxc6 38. Rxc6 Bc3 39. Nc2 Re5 40. Rd6
g5 41. g3 g4 42. Bg2 Rf5+ 43. Ke2 Be5 44. Rd5 Kf6 45. Rxc5 h4 46. Ne3 h3 47.
Be4 Rg5 48. Rc6+ Ke7 49. Rb6 Bd4 50. Rb5 Rxb5 51. cxb5 Kd6 52. Nf5+ 1-0

[Event "Madrid ch Veteranos  2019-2020"]
[Site "Maddrid ESP"]
[Date "2020.01.17"]
[Round "5.32"]
[White "Navas Marin, Felix"]
[Black "Tudela Garcia, Antonio"]
[Result "0-1"]
[WhiteElo "1451"]
[BlackElo "1567"]
[PlyCount "68"]
[EventDate "2020.01.13"]
[EventType "swiss"]
[EventRounds "9"]
[EventCountry "ESP"]
[SourceTitle "Ajedrez en Madrid"]
[Source "lmi"]
[SourceDate "2020.01.13"]
[SourceVersion "1"]
[SourceVersionDate "2020.01.27"]
[SourceQuality "1"]

1. d4 Nf6 2. Nf3 d6 3. Bf4 Nh5 4. Bg5 Nd7 5. e3 g6 6. Be2 Nhf6 7. Bf4 Bg7 8. h3
O-O 9. O-O Re8 10. c4 e6 11. Nc3 a6 12. b4 b6 13. Rc1 Bb7 14. a3 h6 15. Qb3 Rb8
16. Rfd1 Qe7 17. Bh2 Ne4 18. Nxe4 Bxe4 19. a4 e5 20. d5 Bxf3 21. Bxf3 f5 22.
Qc2 e4 23. Be2 Be5 24. g3 Qf6 25. Kh1 a5 26. c5 bxc5 27. b5 Nb6 28. h4 Kg7 29.
Qb3 h5 30. Rd2 Kh6 31. Qd1 Bb2 32. Rcc2 Bc3 33. Bxh5 Bxd2 34. Rxd2 gxh5 0-1

[Event "Madrid ch Veteranos  2019-2020"]
[Site "Maddrid ESP"]
[Date "2020.01.17"]
[Round "5.33"]
[White "Infante Martin, Alonso"]
[Black "Martinez Carrasco, Jesus"]
[Result "1-0"]
[WhiteElo "1362"]
[BlackElo "1566"]
[PlyCount "89"]
[EventDate "2020.01.13"]
[EventType "swiss"]
[EventRounds "9"]
[EventCountry "ESP"]
[SourceTitle "Ajedrez en Madrid"]
[Source "lmi"]
[SourceDate "2020.01.13"]
[SourceVersion "1"]
[SourceVersionDate "2020.01.27"]
[SourceQuality "1"]

1. d4 d5 2. c4 c6 3. Nc3 Nf6 4. Nf3 e6 5. Bg5 Be7 6. Qc2 Nbd7 7. Rb1 O-O 8. e3
Re8 9. h3 h6 10. Bf4 c5 11. cxd5 exd5 12. Be2 a6 13. a4 Qa5 14. O-O c4 15. Nd2
Nf8 16. Bf3 Be6 17. e4 Bb4 18. exd5 Nxd5 19. Nxc4 Qd8 20. Nxd5 Bxd5 21. Bxd5
Qxd5 22. Nb6 Qxd4 23. Be3 Rxe3 24. Nxa8 Re8 25. Rbd1 Qa7 26. Qc4 a5 27. Nc7 Rc8
28. Rc1 Ne6 29. Rfd1 Bc5 30. Rd7 Bxf2+ 31. Kh1 Bg3 32. Rxf7 Qb6 33. Rxg7+ Kxg7
34. Nxe6+ Qxe6 35. Qxc8 Qd5 36. Qg4+ Qg5 37. Qxg5+ hxg5 38. Rc5 Kf6 39. Rxa5 b6
40. Rb5 Bf2 41. g4 Be3 42. Kg2 Ke6 43. Kf3 Bc5 44. b4 Bd6 45. Rxb6 1-0

[Event "Madrid ch Veteranos  2019-2020"]
[Site "Maddrid ESP"]
[Date "2020.01.17"]
[Round "5.34"]
[White "Lopez Guitian, Juan J."]
[Black "Perales Hernandez, Manuel"]
[Result "1-0"]
[WhiteElo "1509"]
[BlackElo "1300"]
[PlyCount "109"]
[EventDate "2020.01.13"]
[EventType "swiss"]
[EventRounds "9"]
[EventCountry "ESP"]
[SourceTitle "Ajedrez en Madrid"]
[Source "lmi"]
[SourceDate "2020.01.13"]
[SourceVersion "1"]
[SourceVersionDate "2020.01.27"]
[SourceQuality "1"]

1. d4 d5 2. Nf3 Nc6 3. g3 Bf5 4. a3 e6 5. Bg2 Bd6 6. O-O Qd7 7. Re1 O-O-O 8.
Nc3 Nf6 9. Nh4 e5 10. Nxf5 Qxf5 11. dxe5 Nxe5 12. h3 Bc5 13. e3 c6 14. Qe2 h5
15. b4 Bb6 16. Bb2 Nc4 17. Na4 Nxb2 18. Nxb2 g5 19. Nd3 Rde8 20. Rac1 g4 21. h4
Ne4 22. Bxe4 Qxe4 23. c3 Rh6 24. a4 a6 25. Rc2 Rhe6 26. Nf4 Re5 27. Ng2 d4 28.
cxd4 Bxd4 29. Rc4 Qd5 30. Nf4 Qd7 31. Rxd4 Qxd4 32. exd4 Rxe2 33. Rxe2 Rd8 34.
Rd2 b6 35. Nxh5 c5 36. bxc5 bxc5 37. d5 f5 38. Nf4 Kb7 39. Rb2+ Ka7 40. a5 c4
41. Rc2 Rc8 42. Kf1 Rc5 43. Ke2 Rxa5 44. Rxc4 Rb5 45. d6 Rb8 46. d7 Rd8 47. Rd4
Rb8 48. d8=Q Rb2+ 49. Kd3 Rb3+ 50. Kc4 Rb5 51. Rd7+ Rb7 52. Rxb7+ Kxb7 53. Nd5
Ka7 54. Qb6+ Ka8 55. Nc7# 1-0

[Event "Madrid ch Veteranos  2019-2020"]
[Site "Maddrid ESP"]
[Date "2020.01.17"]
[Round "5.37"]
[White "Ramos Antona, Enrique"]
[Black "Navarro Corredor, Angel"]
[Result "0-1"]
[WhiteElo "1493"]
[BlackElo "1346"]
[PlyCount "82"]
[EventDate "2020.01.13"]
[EventType "swiss"]
[EventRounds "9"]
[EventCountry "ESP"]
[SourceTitle "Ajedrez en Madrid"]
[Source "lmi"]
[SourceDate "2020.01.13"]
[SourceVersion "1"]
[SourceVersionDate "2020.01.27"]
[SourceQuality "1"]

1. d4 d5 2. c4 c6 3. Nf3 Nf6 4. Nc3 Bg4 5. Ne5 Bf5 6. Bg5 Nbd7 7. cxd5 Nxd5 8.
Nxd7 Nxc3 9. bxc3 Qxd7 10. f3 Bg6 11. e4 e6 12. Rb1 Be7 13. Bf4 O-O 14. Qb3 b5
15. Be2 Bh4+ 16. g3 Be7 17. Rd1 a5 18. O-O a4 19. Qb2 Bd6 20. Be3 Qc7 21. e5
Be7 22. Kg2 Qd7 23. a3 Qd5 24. c4 bxc4 25. Bxc4 Qxc4 26. Qb7 Qe2+ 27. Kh1 Qxe3
28. Qxe7 Qb3 29. Rc1 Bd3 30. Rf2 Bc4 31. Qc5 Bd5 32. Rc3 Qb7 33. Rcc2 Qc7 34.
h4 Ra5 35. Qc3 Rb5 36. Qe3 Rb3 37. Rc3 Rfb8 38. Rfc2 Rxc3 39. Rxc3 Qb6 40. Kh2
Qb2+ 41. Kh3 Rb3 0-1

[Event "Madrid ch Veteranos  2019-2020"]
[Site "Maddrid ESP"]
[Date "2020.01.20"]
[Round "6.1"]
[White "Campos Calvo-Sotelo, Javier"]
[Black "Elissalt Cardenas, Hector"]
[Result "0-1"]
[WhiteElo "1908"]
[BlackElo "2270"]
[PlyCount "82"]
[EventDate "2020.01.13"]
[EventType "swiss"]
[EventRounds "9"]
[EventCountry "ESP"]
[SourceTitle "Ajedrez en Madrid"]
[Source "lmi"]
[SourceDate "2020.01.13"]
[SourceVersion "1"]
[SourceVersionDate "2020.01.27"]
[SourceQuality "1"]

1. d4 g6 2. g3 Bg7 3. Bg2 d5 4. Nf3 c6 5. O-O Nd7 6. Nbd2 f5 7. c4 e6 8. Rb1 g5
9. e3 g4 10. Ne1 h5 11. Nd3 h4 12. Nf4 Qf6 13. Re1 hxg3 14. hxg3 Qh6 15. Kf1
Ne7 16. Ke2 Qf6 17. Rh1 Rxh1 18. Qxh1 Qf7 19. b3 Nf6 20. Ba3 Ng6 21. Bd6 Bd7
22. Nxg6 Qxg6 23. Qc1 Kf7 24. Qa3 Qh7 25. Be5 Qg8 26. Rh1 Qf8 27. Qxf8+ Rxf8
28. c5 a5 29. a3 Ra8 30. Rb1 Bc8 31. Rb2 Nd7 32. Bxg7 Kxg7 33. f3 b6 34. cxb6
gxf3+ 35. Nxf3 Rb8 36. Rc2 Rxb6 37. Rb2 Ba6+ 38. Kf2 Kf6 39. Bh3 Ke7 40. g4
fxg4 41. Bxg4 Nf6 0-1

[Event "Madrid ch Veteranos  2019-2020"]
[Site "Maddrid ESP"]
[Date "2020.01.20"]
[Round "6.2"]
[White "Martin Martin, Luis Vicente"]
[Black "Nuñez Muñoz, Jesus"]
[Result "0-1"]
[WhiteElo "1985"]
[BlackElo "2162"]
[PlyCount "40"]
[EventDate "2020.01.13"]
[EventType "swiss"]
[EventRounds "9"]
[EventCountry "ESP"]
[SourceTitle "Ajedrez en Madrid"]
[Source "lmi"]
[SourceDate "2020.01.13"]
[SourceVersion "1"]
[SourceVersionDate "2020.01.27"]
[SourceQuality "1"]

1. d4 Nf6 2. Bf4 e6 3. e3 c5 4. c3 Nc6 5. Nf3 Nh5 6. Bg5 f6 7. Bh4 d5 8. g4 g5
9. gxh5 gxh4 10. Nxh4 cxd4 11. cxd4 Qb6 12. Qd2 Bd7 13. Nc3 Rc8 14. Be2 Na5 15.
f4 Nc4 16. Bxc4 Rxc4 17. Kf2 Bh6 18. Nf3 O-O 19. Qc2 Kh8 20. Qb3 Rb4 0-1

[Event "Madrid ch Veteranos  2019-2020"]
[Site "Maddrid ESP"]
[Date "2020.01.20"]
[Round "6.3"]
[White "Lopez de Turiso, Jose Angel"]
[Black "Garcia Martin, Esteban"]
[Result "1/2-1/2"]
[WhiteElo "1893"]
[BlackElo "1856"]
[PlyCount "47"]
[EventDate "2020.01.13"]
[EventType "swiss"]
[EventRounds "9"]
[EventCountry "ESP"]
[SourceTitle "Ajedrez en Madrid"]
[Source "lmi"]
[SourceDate "2020.01.13"]
[SourceVersion "1"]
[SourceVersionDate "2020.01.27"]
[SourceQuality "1"]

1. c4 e5 2. Nc3 Nf6 3. Nf3 Nc6 4. e3 d6 5. d4 exd4 6. exd4 Be7 7. d5 Ne5 8.
Nxe5 dxe5 9. Be2 O-O 10. O-O Nd7 11. Rb1 a5 12. a3 f5 13. b4 axb4 14. axb4 b6
15. Qb3 Kh8 16. Bb2 Nf6 17. Nb5 Bd7 18. Bxe5 Bxb5 19. cxb5 Bd6 20. f4 Ne4 21.
Rfd1 Qh4 22. g3 Qe7 23. Bxd6 cxd6 24. Bf3 1/2-1/2

[Event "Madrid ch Veteranos  2019-2020"]
[Site "Maddrid ESP"]
[Date "2020.01.20"]
[Round "6.4"]
[White "De la Orden Alcocer, Alejandro"]
[Black "Esteban Amo, Jose M."]
[Result "1-0"]
[WhiteElo "1972"]
[BlackElo "1905"]
[PlyCount "61"]
[EventDate "2020.01.13"]
[EventType "swiss"]
[EventRounds "9"]
[EventCountry "ESP"]
[SourceTitle "Ajedrez en Madrid"]
[Source "lmi"]
[SourceDate "2020.01.13"]
[SourceVersion "1"]
[SourceVersionDate "2020.01.27"]
[SourceQuality "1"]

1. c4 f5 2. Nf3 Nf6 3. Nc3 e6 4. g3 Be7 5. Bg2 O-O 6. O-O d6 7. d3 e5 8. b4
Nbd7 9. a4 a5 10. Ng5 Nb6 11. c5 dxc5 12. Qb3+ c4 13. dxc4 e4 14. Rd1 Nbd7 15.
Ne6 Qe8 16. Nxc7 Qh5 17. Nxa8 Ne5 18. Nd5 Nxd5 19. cxd5 Bd6 20. Nb6 Ng4 21. h3
Nxf2 22. Kxf2 f4 23. Nxc8 f3 24. exf3 exf3 25. Nxd6 fxg2+ 26. Bf4 Qxh3 27. Qf3
g5 28. Qxg2 Qd7 29. Nc4 gxf4 30. gxf4+ Kh8 31. Qg5 1-0

[Event "Madrid ch Veteranos  2019-2020"]
[Site "Maddrid ESP"]
[Date "2020.01.20"]
[Round "6.5"]
[White "Martin Rodriguez, Emilio"]
[Black "Camarero Izquierdo, Juan Carlos"]
[Result "0-1"]
[WhiteElo "2026"]
[BlackElo "1807"]
[PlyCount "64"]
[EventDate "2020.01.13"]
[EventType "swiss"]
[EventRounds "9"]
[EventCountry "ESP"]
[SourceTitle "Ajedrez en Madrid"]
[Source "lmi"]
[SourceDate "2020.01.13"]
[SourceVersion "1"]
[SourceVersionDate "2020.01.27"]
[SourceQuality "1"]

1. d4 Nf6 2. Nf3 d6 3. Bg5 Nbd7 4. Nbd2 g6 5. e4 Bg7 6. Bc4 O-O 7. e5 Ne8 8.
Qe2 Nb6 9. exd6 Nxd6 10. Bxe7 Qe8 11. Bxf8 Qxf8 12. Bb3 Bg4 13. O-O-O Bxd4 14.
Ne4 Qg7 15. c3 Be5 16. Nxd6 Bxd6 17. Kb1 a5 18. a3 a4 19. Bc2 Qf8 20. Rd4 Be6
21. Ng5 Bb3 22. Rhd1 Bc5 23. Rf4 Nd5 24. Rxd5 Bxd5 25. Nxh7 Kxh7 26. Qe5 Qd8
27. Rf6 Bf8 28. Qh5+ Kg8 29. Bxg6 fxg6 30. Rxg6+ Bg7 31. Rg4 Bf7 32. Qh6 Qd1+
0-1

[Event "Madrid ch Veteranos  2019-2020"]
[Site "Maddrid ESP"]
[Date "2020.01.20"]
[Round "6.6"]
[White "Garcia Galeote, Lorenzo"]
[Black "Gonzalez Rivera, Eduardo"]
[Result "0-1"]
[WhiteElo "1901"]
[BlackElo "2024"]
[PlyCount "72"]
[EventDate "2020.01.13"]
[EventType "swiss"]
[EventRounds "9"]
[EventCountry "ESP"]
[SourceTitle "Ajedrez en Madrid"]
[Source "lmi"]
[SourceDate "2020.01.13"]
[SourceVersion "1"]
[SourceVersionDate "2020.01.27"]
[SourceQuality "1"]

1. d4 d5 2. Nf3 Nf6 3. Bf4 e6 4. e3 Bd6 5. Bg3 c5 6. c3 Qc7 7. Ne5 Nbd7 8. f4
Ne4 9. Bd3 cxd4 10. exd4 Bxe5 11. fxe5 f5 12. exf6 Nxg3 13. fxg7 Rg8 14. Qg4
Nf5 15. Qh5+ Ke7 16. Bxf5 exf5 17. O-O Nf6 18. Re1+ Kd8 19. Qg5 Qxg7 20. Qxg7
Rxg7 21. Nd2 Ne4 22. Nf3 Be6 23. c4 Rc8 24. c5 Ke7 25. Ne5 Kf6 26. b4 Nd2 27.
Re2 Nc4 28. Nd3 Re7 29. Rae1 Rce8 30. Nf4 Bf7 31. Kf2 Rxe2+ 32. Rxe2 Rxe2+ 33.
Kxe2 Na3 34. Kd3 Kg5 35. g3 Kg4 36. Kc3 Kf3 0-1

[Event "Madrid ch Veteranos  2019-2020"]
[Site "Maddrid ESP"]
[Date "2020.01.20"]
[Round "6.7"]
[White "Lorenzo Bailador, Alfredo"]
[Black "Alonso Abad, Enrique"]
[Result "1-0"]
[WhiteElo "2019"]
[BlackElo "2002"]
[PlyCount "85"]
[EventDate "2020.01.13"]
[EventType "swiss"]
[EventRounds "9"]
[EventCountry "ESP"]
[SourceTitle "Ajedrez en Madrid"]
[Source "lmi"]
[SourceDate "2020.01.13"]
[SourceVersion "1"]
[SourceVersionDate "2020.01.27"]
[SourceQuality "1"]

1. e4 e6 2. d4 d5 3. e5 c5 4. c3 Qb6 5. Nf3 Nc6 6. Be2 Nh6 7. Bxh6 gxh6 8. Qd2
Bg7 9. O-O O-O 10. Na3 Bd7 11. Rab1 f6 12. dxc5 Qxc5 13. b4 Qe7 14. c4 fxe5 15.
cxd5 exd5 16. b5 Nd4 17. Nxd4 Qxa3 18. Nc2 Qd6 19. Bf3 Rxf3 20. gxf3 Bh3 21.
Ne3 Bxf1 22. Kxf1 Rd8 23. Qa5 Qd7 24. Qxa7 d4 25. Ng2 Qf5 26. Rb3 d3 27. Qxb7
d2 28. Ne3 d1=Q+ 29. Nxd1 Rxd1+ 30. Kg2 Qg5+ 31. Kh3 Rd4 32. Qc8+ Bf8 33. f4
Qh5+ 34. Kg2 Qg6+ 35. Rg3 exf4 36. Qe6+ Kh8 37. Rxg6 hxg6 38. Qxg6 Rd5 39. Qe6
Rc5 40. Qf6+ Bg7 41. Qd8+ Kh7 42. b6 Rg5+ 43. Kf3 1-0